000 01114nam a22002537a 4500
005 20121010141910.0
008 121010t xxu||||| |||| 00| 0 mar d
010 _aMAR-22707
020 _c120.00
_a9788184984200
035 _aMR-15365
037 _bDBAD/PUB
040 _aDPL
_bMR
082 _a891.46301
100 _953016
_aमहाजन, छाया
245 _aमुलखावेगळा /
_cछाया महाजन
246 _aMulakhavegala
_bby Chhaya Mahajan
260 _aपुणे
_bमेहता पब्लिशिंग हाऊस
_c2012
270 _bपुणे
_e411030
_a1941,सदाशिव पेठ माडीवाले कॉलनी,
300 _aनऊ,128पृ.
_c21सेमी(अजिल्द)
650 _aमराठी कथासंग्रह
_953345
650 _aMarathi Short Stories
_953346
942 _2ddc
_cMR
_mमहाज
_h891.46301
999 _c71083
_d71083